<The> Application of business network approach for small and medium enterprises (SME) with regard to their buying behavior

Význam MSP a ich problémy. Nákup v MSP a prístup podnikateľskej siete. Zákazníci v podnikateľskej sieti. Finančné a nefinančné ukazovatele pre vybraných zákazníkov.

Uložené v:
Podrobná bibliografia
Hlavný autor: Škarpová, Ludmila
Ďalší autori: Grosová, Stanislava
Médium: Kapitola
Jazyk:English
Predmet:
Tagy: Pridať tag
Žiadne tagy, Buďte prvý, kto otaguje tento záznam!

MARC

LEADER 00000nla a2200000 4500
001 0216004
005 20240417075106.7
041 0 |a eng 
044 |a CZ 
245 1 0 |a <The> Application of business network approach for small and medium enterprises (SME) with regard to their buying behavior  |c Ludmila Škarpová, Stanislava Grosová 
520 |a Význam MSP a ich problémy. Nákup v MSP a prístup podnikateľskej siete. Zákazníci v podnikateľskej sieti. Finančné a nefinančné ukazovatele pre vybraných zákazníkov. 
610 2 0 |a siete podnikateľské 
610 2 0 |a rozhodovanie nákupné 
610 2 0 |a podnik malý 
610 2 0 |a podnik stredný 
610 2 0 |a zdroje finančné 
100 1 |a Škarpová, Ludmila 
700 1 |a Grosová, Stanislava